| 000 | 00329 a2200133 4500 | ||
|---|---|---|---|
| 003 | Nust | ||
| 005 | 20170207170125.0 | ||
| 040 | _cNust | ||
| 082 | _a799 | ||
| 245 |
_aOpening Address JSC-52,Photographs-2014 _cMCS |
||
| 260 |
_aRawalpindi _bMCS _c17-12-2014 |
||
| 650 | _aOpening Address JSC-52,Photographs-2014 | ||
| 651 | _aSweet Memories-MCS | ||
| 942 | _cBK | ||
| 999 |
_c214057 _d214057 |
||